LEADER 01087nam0M2200373--I450- 001 990003413120203316 005 20100615112801.0 010 $a978-88-7521-211-7 035 $a000341312 035 $aUSA01000341312 035 $a(ALEPH)000341312USA01 035 $a000341312 100 $a20100615d2009----||itac50 ba 101 $aita 102 $aIT 105 $a||||||||001yy 200 1 $aTerre in disordine$eracconti e immagini della Campania di oggi$fa cura di Maurizio Braucci e Stefano Laffi 210 $aRoma$cMinimum fax$d2009 215 $a317 p.$cill.$d19 cm 410 0$1001$12001 454 1$12001 461 1$1001-------$12001 606 0 $aCampania$xCondizioni socioeconomiche$z1960-1985$2BNCF 676 $a307.094$1Comunita. Campania 702 1$aBRAUCCIi,$bMaurizio 702 1$aLAFFI,$bStefano 801 0$aIT$bICCU$gISBD$c20100411 912 $a990003413120203316 951 $a307.094 BRA$b16690 DSSP 959 $aBK 969 $aDSSP 979 $aDSSP2$b10$c20100615$lUSA01$h1128 996 $aTerre in disordine$91125811 997 $aUNISA LEADER 01841nam0 2200373 i 450 001 VAN0123429 005 20231207032757.90 010 $a978-33-19-54145-7 100 $a20190919d2017 |0itac50 ba 101 $aeng 102 $aCH 105 $a|||| ||||| 200 1 $aApplications of Radiation Chemistry in the Fields of Industry, Biotechnology and Environment$fMargherita Venturi, Mila D?Angelantonio editors 210 $aCham$cSpringer$d2017 215 $aIX, 302 p.$cill.$d24 cm 410 1$1001VAN0123279$12001 $aTopics in Current Chemistry Collections$1210 $aCham$cSpringer 620 $aCH$dCham$3VANL001889 676 $a660$cIngegneria chimica e tecnologie connesse$v22 676 $a540$cChimica generale$v22 676 $a541.38$cRadiochimica. Chimica nucleare$v22 676 $a660.29$cIngegneria chimica. Chimica fisica applicata$v22 676 $a610.153$cFisica medica$v22 702 1$aD?Angelantonio$bMila$3VANV094841 702 1$aVenturi$bMargherita$3VANV094840 712 $aSpringer $3VANV108073$4650 801 $aIT$bSOL$c20240614$gRICA 856 4 $u/sebina/repository/catalogazione/documenti/315.pdf$z315.pdf 856 4 $uhttps://link.springer.com/book/10.1007/978-3-319-54145-7$zE-book - Accesso al full-text attraverso riconoscimento IP di Ateneo, proxy e/o Shibboleth 899 $aBIBLIOTECA DEL DIPARTIMENTO DI SCIENZE E TECNOLOGIE AMBIENTALI BIOLOGICHE E FARMACEUTICHE$1IT-CE0101$2VAN17 912 $fN 912 $aVAN0123429 950 $aBIBLIOTECA DEL DIPARTIMENTO DI SCIENZE E TECNOLOGIE AMBIENTALI BIOLOGICHE E FARMACEUTICHE$d17CONS e-book 2111 $e17BIB2111/78 78 20190919 996 $aApplications of Radiation Chemistry in the Fields of Industry, Biotechnology and Environment$91560498 997 $aUNICAMPANIA